Imágenes del peronismo : fotografías /
Guardado en:
| Autor Principal: | |
|---|---|
| Otros Autores: | , |
| Formato: | Libro |
| Publicado: |
Caseros :
Universidad Nacional de Tres de Febrero,
2010
|
| Materias: | |
| Etiquetas: |
Agregar Etiqueta
Sin Etiquetas, Sea el primero en etiquetar este registro!
|
| LEADER | 00734nam a22002295a 4500 | ||
|---|---|---|---|
| 001 | EHU.bham041007 | ||
| 003 | AR-BHAM | ||
| 005 | 20110713111158.0 | ||
| 008 | 130507s2010##################000#0#####d | ||
| 020 | |a 9789871172559 | ||
| 082 | 7 | 7 | |a 770.982 |
| 100 | 1 | |a Amaral, Samuel | |
| 245 | 1 | 0 | |a Imágenes del peronismo : |b fotografías / |c Photographs, 1945-1955 / |
| 260 | |a Caseros : |b Universidad Nacional de Tres de Febrero, |c 2010 | ||
| 300 | |a 228 p. | ||
| 653 | |a Fotografía | ||
| 653 | |a Peronismo | ||
| 653 | |a Historia argentina-1945-1955 | ||
| 653 | |a Política argentina contemporánea-1945-1955 | ||
| 700 | 1 | |a Botalla, Samuel | |
| 700 | 1 | |a Trujillo, Diana, trad. | |
| 859 | |a AR-BHAM |b BIB. HUMANIDADES - General |h 770.982 |i Am13 |p 281.11 |t Ej.1 | ||
